00548nam a2200145 a 450000100100000000500170001000800410002704000250006808200150009311100730010824500880018126000690026930000360033870000280037400004586120250128195002.0150522s2001 dr ac 000 0 spa d aDO-SdBNPbspacBNPHU axxxxbxxxx2 aCongreso Académico Empresarialn(8vo.d2001 feb. :cSanto Domingo)10aPromoción de venta como herramienta estratégica /cexpositor ; John J. Burnett. aSanto Domingo :bUniversidad Católica de Santo Domingo,c2001. a215 p. :bil., retrs. ;c21 cm.12aBurnett, John J.d1944-